000 00610nam a22002057a 4500
003 OSt
005 20260422010154.0
008 260422b |||||||| |||| 00| 0 eng d
020 _a0-07-232399-X
040 _aDWC-Main lib.
_cOC
082 _23rd ed.
_aCirc. 512.9 D867 2000
100 _aDugopolski, Mark
245 _aIntermediate algebra/
_cMark Dugopolski
260 _aBoston :
_bMcGraw-Hill,
_cc2000.
300 _axviii, 663 p. :
_billustrations :
_c26 cm.
_e+ 1 cd-rom
504 _aIncludes index.
650 _a1. Algebra.
760 _b3rd ed.
942 _2ddc
_cBK-CIRC
_e3rd ed.
_hCirc.
_n0
999 _c9635
_d9635